Chinese encounters (Record no. 8490)

MARC details
000 -LEADER
fixed length control field 00399nam a22001457a 4500
008 - FIXED-LENGTH DATA ELEMENTS--GENERAL INFORMATION
fixed length control field 200716b ||||| |||| 00| 0 eng d
082 ## - DEWEY DECIMAL CLASSIFICATION NUMBER
Classification number 951.05 MIL
100 ## - MAIN ENTRY--PERSONAL NAME
Personal name Miller, Arthur
245 ## - TITLE STATEMENT
Title Chinese encounters
260 ## - PUBLICATION, DISTRIBUTION, ETC.
Name of publisher, distributor, etc. Shinozaki Shorin,
Date of publication, distribution, etc. 1978.
300 ## - PHYSICAL DESCRIPTION
Extent iv, 109 p.
Dimensions 21 cm.
650 ## - SUBJECT ADDED ENTRY--TOPICAL TERM
Topical term or geographic name entry element China--Description and travel. China--Intellectual life.
700 ## - ADDED ENTRY--PERSONAL NAME
Personal name Morath, Inge.
942 ## - Added entry Elements (Koha)
Source of classification or shelving scheme Dewey Decimal Classification
Holdings
Withdrawn status Lost status Source of classification or shelving scheme Damaged status Not for loan Collection code Home library Current library Shelving location Date acquired Serial Enumeration / chronology Total Checkouts Full call number Barcode Date last seen Date last checked out Price effective from Koha item type
    Dewey Decimal Classification     Main TEST RTC Library RTC Library Main opac 16/07/2020 14604 1 951.05 MIL 30014651 07/04/2024 22/03/2024 16/07/2020 Main
Royal Thimphu College || All Right Reserved